| 000 | 00355nam a22001457a 4500 | ||
|---|---|---|---|
| 020 | _qHB. | ||
| 040 | _cFIZZA ISHAQ | ||
| 082 |
_a628.162 _bROB |
||
| 100 |
_aSIEGRIST, L. ROBERT. _991210 |
||
| 245 |
_aDECENTRALIZED WATER RECLAMATION / _cROBERT L. SIEGRIST. |
||
| 250 | _a1sT ED. | ||
| 260 |
_bSPRINGER, _c2017. |
||
| 300 | _a947 P. ; | ||
| 942 |
_2ddc _cBK |
||
| 999 |
_c589373 _d589373 |
||